Goethes drames : Neue interpretationen
Saved in:
| Main Author: | |
|---|---|
| Format: | Book |
| Language: | Undetermined |
| Published: |
Stuttgart, Alemania
Philipp Reclam
1980
|
| Subjects: | |
| Tags: |
Add Tag
No Tags, Be the first to tag this record!
|
MARC
| LEADER | 00000nam a2200000Ia 4500 | ||
|---|---|---|---|
| 008 | 170316s9999 xx 000 0 und d | ||
| 040 | |a cru BVZT | ||
| 090 | |a 830 H-9g | ||
| 100 | |a Hinderer, Walter | ||
| 245 | |a Goethes drames : Neue interpretationen | ||
| 260 | |a Stuttgart, Alemania | ||
| 260 | |b Philipp Reclam | ||
| 260 | |c 1980 | ||
| 300 | |a 367 páginas | ||
| 650 | |a LITERATURA ALEMANA | ||
| 999 | |c 7368 |d 7368 | ||
| 942 | |c 15 D |h 830 H-9g |2 z | ||
